000 00495nam a2200169 4500
001 117833
003 ES-MaACL
005 20230906190958.0
007 t|
008 070214s1961 sp r ||||1| spa d
100 1 _aPeinado Peinado, Miguel, Obispo de Jaén.
_9178683
245 1 0 _aCatequesis del Misterio Cristiano /
_cMiguel Peinado Peinado.
260 _aGranada :
_b`Padre Suárez`,
_c1961.
300 _a327 p. ;
_c19 cm.
852 _aES-MaACL
_jF-14094
_bR.48225
999 _c117833
_d117833